000 00475nmm a2200157Ia 4500
008 251105s9999||||xx |||||||||||||||||und||
020 _a9789586486484
041 _aspa
100 _aOrtega Cárdenas, Alfonso
245 0 _aHacienda pública :
_b Las finanzas del estado
264 _a[Bogotá, Colombia] :
_bEcoe Ediciones,
_c2010
300 _a281 páginas
650 _aEconomics and Business
856 _uhttps://public.digitaliapublishing.com/a/102973
942 _cCF
999 _c95299
_d95299